书目信息 |
| 题名: |
英语200常用动词用法手册
|
|
| 作者: | 许天良 编 | |
| 分册: | ||
| 出版信息: | 兰州 甘肃人民出版社 1980 |
|
| 页数: | 417页 | |
| 开本: | 14cm | |
| 丛书名: | ||
| 单 册: | ||
| 中图分类: | H314.2 | |
| 科图分类: | ||
| 主题词: | 英语--词类 | |
| 电子资源: | ||
| ISBN: | ||
| 000 | 00647nam0 2200229 45 | |
| 001 | 0180004733 | |
| 005 | 20050425161051.8 | |
| 010 | @dCNY0.75 | |
| 091 | @a9096.17 | |
| 100 | @a19950612d1980 em y0chiy0121 ea | |
| 101 | 0 | @achi |
| 102 | @aCN@b620000 | |
| 105 | @ay z 000yy | |
| 200 | 10 | @a英语200常用动词用法手册@Aying yu200 chang yong dong ci yong fa shou ce@f许天良编@FXu Tian Liang Bian |
| 210 | @a兰州@c甘肃人民出版社@d1980 | |
| 215 | @a417页@d14cm | |
| 606 | 0 | @a英语@x词类 |
| 690 | @aH314.2@v3 | |
| 701 | 0 | @a许天良@4编 |
| 801 | 0 | @aCN@b上海图书馆@c20040507 |
| 801 | 2 | @aCN@bNLC@c20040507 |
| 905 | @dH314.2@e100@b47008@f1@b47010@f1 | |
| 英语200常用动词用法手册/许天良编.-兰州:甘肃人民出版社,1980 |
| 417页;14cm |
| ISBN :CNY0.75 |
| ● |
| 相关链接 |
|
|
|
|
正题名:英语200常用动词用法手册
索取号:H314.2/100
 
预约/预借
| 序号 | 登录号 | 条形码 | 馆藏地/架位号 | 状态 | 备注 |
| 1 | 0047004 | 001654604 | 第四借阅区/ [索取号:H314.2/100] | 在馆 | |
| 2 | 0047006 | 001370260 | 第四借阅区/ [索取号:H314.2/100] | 在馆 | |
| 3 | 0047007 | 001370340 | 第四借阅区/ [索取号:H314.2/100] | 在馆 | |
| 4 | 0047008 | 001370331 | 密集书库/ [索取号:H314.2/100] | 在馆 | |
| 5 | 0047010 | 001370377 | 密集书库/ [索取号:H314.2/100] | 在馆 | |
| 6 | 0047011 | 001370386 | 第四借阅区/ [索取号:H314.2/100] | 在馆 |